| 000 | 00409nam a22001577a 4500 | ||
|---|---|---|---|
| 003 | NUST - PNEC | ||
| 005 | 20170116180817.0 | ||
| 008 | 150609b xxu||||| |||| 00| 0 eng d | ||
| 020 | _a0273401998 | ||
| 040 | _cLIBRARY | ||
| 082 | _a621.3133 SAY | ||
| 100 |
_9577 _aSay, M.G. |
||
| 245 | _aThe Performance and Design of Alternating Current | ||
| 650 |
_98235 _aElectrical engineering _xEE |
||
| 942 |
_2ddc _cBK |
||
| 999 |
_c63577 _d63577 |
||